| 000 | 04327nam a2200481Ia 4500 | ||
|---|---|---|---|
| 003 | CO-CtgCURN | ||
| 005 | 20250915150201.0 | ||
| 008 | 190723s2012 xx 000 0 und d | ||
| 020 | _a9789588381930 | ||
| 040 |
_aCO-CtgCURN _bspa _ccoctgcurn |
||
| 082 |
_a352.65 _bR175c |
||
| 100 |
_aRamos Acevedo, Amparo _eautor _eprólogo |
||
| 245 | 0 |
_aContratación estatal : _bteoría general y especial : actualizado y sistematizado con las normas vigentes / _cAmparo Ramos Acevedo; Jairo Ramos Acevedo |
|
| 250 | _a2 edición | ||
| 260 |
_aBogotá, Colombia : _bGrupo Editorial Ibañez, _c2012 |
||
| 300 |
_a350 páginas ; _c23 centímetros |
||
| 500 | _aIncluye prólogo e índice | ||
| 505 | _aI. Teoría general de la contratación estatal -- De las entidades del Estado -- Los fines de la contratación estatal -- De la responsabilidad de las entidades estatales y los servidores públicos -- II. De la participación o concurso de los particulares en el proceso de selección contractual --De los derechos y deberes de los contratistas -- De la capacidad legal para contratar del contratista -- De la constitución de consorcios y uniones temporales de los contratistas -- De la infracción de las normas contractuales -- III. De las condiciones o requisitos que deben cumplir los proponentes u oferentes que aspiren a celebrar contratos con las entidades estatales -- Del registro único de proponentes -- De la inscripción -- De la solicitud de inscripción -- Del formulario único -- De actualización de la información y renovación del registro -- De la abstención de la inscripción, actualización o renovación -- Del certificado -- 4. La estructura procedimental general para la contratación estatal -- 1. Etapa previa -- 2. Etapa precontractual -- 3. Etapa contractual -- 4. Etapa poscontractual -- IV. del contrato estatal -- V. Aspectos específicos y concretos de la modalidad de selección: licitación pública -- VI. Aspectos específicos y concretos de la modalidad de selección: selección abreviada -- VII. Aspectos específicos y concretos de la modalidad de selección: concurso de méritos --VIII. Aspectos específicos y concretos de la modalidad de selección: contratación directa. | ||
| 520 | _aLa presente obra jurídica está diseñada para que el lector pueda sin dificultad conocer a las dos personas que concurren conjunta y simultáneamente a celebrar el negocio jurídico llamado "contrato estatal". Esto es,, las entidades estatales, por una parte; y los particulares (personas naturales o jurídicas), por otra parte; organizados estos últimos en consorcios, uniones temporales o sociedades para el efecto. Igualmente, se debe partir de la base en aprehender el mundo inhóspito de la contratación pública, conociendo cuales son las modalidades de selección de los contratistas que fija la Ley, como so: licitación pública, selección abreviada, concurso de méritos y contratación directa. Y, además saber de antemano los contratos que se deben celebrar a través de una de las distintas modalidades se selección; para poder así inferir con claridad y exactitud las normas jurídicas aplicables en las diversas etapas o exclusas en que se encuentra diseñado el proceso de contratación estatal. | ||
| 521 | _aAREA PROFESIONAL | ||
| 590 | _aPrograma de Derecho_18 | ||
| 630 | 0 | 4 |
_aLey 80 de 1993 _zColombia |
| 630 | 0 | 4 |
_aLey 1150 de 2007 _zColombia |
| 630 | 0 | 4 |
_aDecreto 2474 de 2008 _zColombia |
| 630 | 0 | 4 |
_aDecreto 4444 de 2008 _zColombia |
| 630 | 0 | 4 |
_aDecreto 4828 de 2008 _zColombia |
| 630 | 0 | 4 |
_aDecreto 490 de 2009 _zColombia |
| 630 | 0 | 4 |
_aDecreto 127 de 2009 _zColombia |
| 630 | 0 | 4 |
_aDecreto 931 de 2009 _zColombia |
| 630 | 0 | 4 |
_aDecreto 2025 de 2009 _zColombia |
| 630 | 0 | 4 |
_aDecreto 2493 de 2009 _zColombia |
| 630 | 0 | 4 |
_aDecreto 3576 de 2009 _zColombia |
| 630 | 0 | 4 |
_aDecreto 1464 de 2010 _zColombia |
| 630 | 0 | 4 |
_aDecreto 4266 de 2011 _zColombia |
| 630 | 0 | 4 |
_aLey 1450 de 2011 _zColombia |
| 630 | 0 | 4 |
_aLey 1474 de 2011 _zColombia |
| 630 | 0 | 4 |
_aDecreto 2516 de 2011 _zColombia |
| 630 | 0 | 4 |
_aDecreto-Ley 019 de 2012 _zColombia |
| 650 | _aAdjudicacion de contratos | ||
| 700 |
_aRamos Acevedo, Jairo _eautor _eprólogo |
||
| 942 |
_cBK _h352.65 _iR175c _2ddc |
||
| 999 |
_c29824 _d29824 |
||